Szczegóły MARC21

Joanny Kulmowej "poezja otwarta" : problemy odbiorcze - opera aperta /

003 -Nazwa inst., której nr kontr. jest w polu 001 [,]
    • @
    • Nazwa instytucji, której n kontrolny jest w polu 001
    • NUKAT
005 -DATA I CZAS OSTATNIEJ MODYFIKACJI [,]
    • @
    • pole kontrolne
    • 20241231102242.0
020 -Międzynarod. znormalizowany nr książki - ISBN [ , ]
    • a
    • Numer ISBN
    • 9788365237378 Find
040 -Instytucja sporządzająca opis [ , ]
    • a
    • Instytucja, która sporządziła opis (NP)
    • WA U/DSW
    • c
    • Instytucja, która sporządziła rekord (NP)
    • WA U/DSWs
    • d
    • Instytucja, która zmodyfikowała rekord (P)
    • WA U/EBA
    • d
    • Instytucja, która zmodyfikowała rekord (P)
    • WR O/PCs
942 -Rodzaj dokumentu [ , ]
    • c
    • Rodzaj dokumentu
    • Książka
100 -Hasło główne - nazwa osobowa [1, ]
    • a
    • Nazwa osobowa (NP)
    • Książek-Szczepanikowa, Aniela
    • d
    • Daty biograficzne (NP)
    • (1928-2022).
    • 9
    • KHW
    • 95151
245 -Strefa tytułu i oznaczenia odpowiedzialności [1,0]
    • a
    • Tytuł
    • Joanny Kulmowej "poezja otwarta" : Find
    • b
    • Ciąg dalszy tytułu (NP)
    • problemy odbiorcze - opera aperta / Find
    • c
    • Pozostałe elementy strefy tytułu i oznaczenia odpowiedzialności (NP)
    • Aniela Książek-Szczepanikowa.
260 -Strefa adresu wydawniczego [ , ]
    • a
    • Miejsce wydania (P)
    • Łódź :
    • b
    • Nazwa wydawcy (P)
    • Primum Verbum,
    • c
    • Data wydania (P)
    • 2017.
300 -Strefa opisu fizycznego [ , ]
    • a
    • Określenie formy książki i/lub objętość (NP)
    • 204 s. :
    • b
    • Oznaczenie ilustracji (NP)
    • il. (w tym kolor.) ;
    • c
    • Format (NP)
    • 24 cm.
336 -Typ zawartości [ , ]
    • a
    • Termin opisujący typ zawartości
    • Tekst
    • b
    • Kod określający zawartość
    • txt
    • 2
    • Źródło (terminu i kodu)
    • rdacontent
337 -Typ mediów [ , ]
    • a
    • Tryb odtwarzania
    • Bez urządzenia pośredniczącego
    • b
    • Kod typu mediów
    • n
    • 2
    • Źródło (terminu i kodu)
    • rdamedia
338 -Typ/rodzaj nośnika [ , ]
    • a
    • Hasło opisujące typ nośnika
    • Wolumin
    • b
    • Kod typu nośnika
    • nc
    • 2
    • Źródło (terminu i kodu)
    • rdacarrier
504 -Uwaga dot. bibliogr. załącznikowej [ , ]
    • a
    • Uwaga dot. bibliografii załącznikowej
    • Bibliogr. s. 187-188.
600 -Hasło przedmiotowe w formie nazwy osobowej [1,7]
    • a
    • Nazwa osobowa
    • Kulmowa, Joanna
    • d
    • Daty związane z nazwą
    • (1928-2018)
    • x
    • Określnik rzeczowy
    • krytyka i interpretacja.
    • 2
    • Źródło terminu
    • kaba
    • 9
    • KHW
    • 402695
600 -Hasło przedmiotowe w formie nazwy osobowej [1,7]
    • a
    • Nazwa osobowa
    • Kulmowa, Joanna
    • d
    • Daty związane z nazwą
    • (1928-2018)
    • x
    • Określnik rzeczowy
    • recepcja.
    • 2
    • Źródło terminu
    • kaba
    • 9
    • KHW
    • 423294
600 -Hasło przedmiotowe w formie nazwy osobowej [1,7]
    • a
    • Nazwa osobowa
    • Kulmowa, Joanna
    • d
    • Daty związane z nazwą
    • (1928-2018)
    • v
    • Określnik formalny
    • korespondencja.
    • 2
    • Źródło terminu
    • kaba
    • 9
    • KHW
    • 402681
710 -Hasło dodatkowe - nazwa ciała zbiorowego [2, ]
    • a
    • Nazwa ciała zbiorowego lub nazwa geograficzna jako pierwszy element (NP)
    • Primum Verbum.
    • 4
    • Kod relacji
    • pbl
    • 9
    • KHW
    • 100302
920 -ISBN [ , ]
    • a
    • ISBN
    • 978-83-65237-37-8 Find
Numer inwentarzowy Status udost. Lokalizacja Data inwentaryzacji
Z.1225551BG2017-09-06
P.260311BM2017-09-06